[Event "EIWCC 2017"]
[Site "Riga"]
[Date "2017.04.13"]
[Round "3"]
[White "Khomeriki, Nino"]
[Black "Goryachkina, Aleksandra"]
[Result "0-1"]
[WhiteElo "2308"]
[BlackElo "2452"]
[Annotator "TA"]
[PlyCount "120"]
[EventDate "2017.??.??"]
[EventType "swiss"]
[EventCountry "LAT"]
[SourceTitle "playchess.com"]
[Source "ChessBase"]
[SourceQuality "1"]

{[%evp 23,120,6,10,0,0,0,20,1,13,0,80,10,15,13,0,-68,-92,-114,-106,-116,-100,-102,-116,-108,-116,-114,-110,-174,-147,-177,-172,-208,-215,-209,-189,-215,-202,-200,-166,-174,-175,-166,-152,-163,-87,-87,-92,-89,-91,-110,-93,-161,-157,-176,-177,-278,-271,-295,-93,-125,-77,-191,-41,-54,-54,-58,-39,-40,-36,-43,-14,-101,-39,-39,-35,-34,-39,-181,-170,-186,-72,-639,-622,-475,-464,-464,-464,-5820,-5354,-10197,-9908,-8652,-6339,-11024,-10403,-6846,-6452,-4934,-4926]} 1. d4 Nf6 2. c4 e6 3. Nf3 b6 4. g3 Ba6 5. b3 Bb4+ 6. Bd2 Be7 7. Nc3 O-O 8. Bg2 c6 9. e4 d5 10. exd5 {E15: Queen's Indian: 4 g3 sidelines, 4 g3 Ba6 and 4 g3 Bb7 early deviations} (10. Qe2 b5 11. e5 Ne8 12. cxb5 cxb5 13. Qe3 Nc6 14. Bf1 Rc8 15. Bd3 Nc7 16. Rc1 Ba3 17. Rd1 Be7 {1-0 (68) Topalov,V (2816)-Zhigalko,S (2656) Baku 2015}) 10... cxd5 11. Ne5 Bb7 12. O-O Nc6 {LiveBook: 12 Games} 13. Bf4 Na5 14. Rc1 Ba3 15. Rc2 dxc4 16. Bxb7 $146 (16. bxc4 Bxg2 17. Kxg2 Bb4 {½-½ (25) Fernandez,J (2154)-Dzhafarov,K (1336) LSS email 2013}) 16... Nxb7 (16... cxb3 $11 {keeps the balance.} 17. axb3 Nxb7) 17. Qf3 (17. bxc4 $16 Be7 18. Qf3) 17... cxb3 $11 18. axb3 Na5 19. Na2 (19. Nb5 $1 $11 Be7 20. b4 Bxb4 21. Nc7) 19... Nd5 $1 $15 ({Worse is} 19... Qxd4 20. b4 $16) 20. Bd2 Bd6 21. Qd3 Qe7 22. Bxa5 {Strongly threatening Bd2.} Bxe5 23. dxe5 {And now Bd2 would win.} bxa5 24. Rfc1 Qa3 25. Qa6 (25. Qc4 $17 {was worth a try.}) 25... h6 26. h4 Rfd8 27. Kg2 Qxb3 28. Qxa5 Qd3 29. Qa4 Nb6 30. Qf4 Rd4 31. Qf3 Qxf3+ 32. Kxf3 Rd5 33. Rc5 Nd7 (33... a5 $19 34. Rxd5 Nxd5) 34. Rxd5 $17 exd5 {[%mdl 4096] Endgame KRN-KRN} 35. Kf4 Re8 36. Rc7 Nxe5 {White must now prevent ...Nd3+.} 37. Rxa7 (37. Nb4 $17) 37... Nd3+ $19 38. Kf3 d4 39. Ra4 (39. Ra3 {keeps fighting.} Ne1+ 40. Kf4) 39... Ne1+ 40. Kg4 d3 $2 (40... Re2 $19 41. Ra8+ Kh7) 41. Nc3 $17 g6 42. Rd4 (42. Kf4 $17) 42... Kg7 (42... Rc8 $19 43. Nd1 Rc2 44. Rd8+ Kg7) 43. Kf4 $15 {[#]} Re2 $1 {[%mdl 512]} 44. Ne4 (44. Nxe2 dxe2) 44... f5 45. Rd7+ Kf8 {[%csl Gf5][%cal Re2e4]} 46. Nc5 Ke8 47. Rd6 (47. h5 $11) 47... d2 ({Black should play} 47... Rxf2+ $17 48. Ke5 Rc2) 48. h5 $1 gxh5 (48... Nd3+ $2 49. Rxd3 Rxf2+ 50. Ke3 $18) 49. Kxf5 Rxf2+ 50. Ke4 {[#]} (50. Kg6 $1 $15) 50... Nf3 $1 $19 {Hoping for ...Rf1.} 51. Na4 Rf1 (51... Nh2 $19 {and Black stays clearly on top. aiming for ...Nf1.} 52. Nb2 Nf1) 52. Nc3 $2 {[%mdl 8192]} (52. Nb2 $17) 52... Ng5+ {Black is clearly winning.} 53. Ke3 Rf3+ 54. Kxd2 {[#]} Rxc3 $1 {[%mdl 512]} ({Not} 54... Rxg3 55. Rxh6 h4 56. Nd5 $15) 55. Rxh6 {KRN-KR} (55. Ke2 $142) (55. Kxc3 Ne4+) 55... Ne4+ ({Weaker is} 55... Rxg3 56. Rxh5 Ke7 57. Ke1 $15) 56. Ke1 Nxg3 57. Rh7 Kf8 58. Kf2 Ne4+ 59. Kg2 Nf6 60. Ra7 Re3 0-1

[Event "EIWCC 2017"]
[Site "Riga"]
[Date "2017.04.13"]
[Round "3"]
[White "Gvetadze, Sofio"]
[Black "Melia, Salome"]
[Result "1/2-1/2"]
[WhiteElo "2292"]
[BlackElo "2400"]
[Annotator "NA"]
[PlyCount "53"]
[EventDate "2017.??.??"]
[EventType "swiss"]
[EventCountry "LAT"]
[SourceTitle "playchess.com"]
[Source "ChessBase"]
[SourceQuality "1"]
[TimeControl "40/5400+30:1800+30"]

1. e4 {[%emt 0:00:00]} c5 {[%emt 0:00:13]} 2. Nf3 {[%emt 0:00:00]} d6 {[%emt 0:00:37]} 3. d4 {[%emt 0:00:00]} cxd4 {[%emt 0:00:05]} 4. Nxd4 {[%emt 0:00:02]} Nf6 {[%emt 0:00:12]} 5. f3 {[%emt 0:00:25]} Nc6 {[%emt 0:01:26]} 6. c4 {[%emt 0:00:15]} Qb6 {[%emt 0:00:24]} 7. Nc2 {[%emt 0:00:25]} g6 {[%emt 0:00:32]} 8. Nc3 {[%emt 0:00:13]} Bg7 {[%emt 0:00:21]} 9. Rb1 {[%emt 0:00:23]} Ng4 {[%emt 0:00:45] B55: Sicilian: 2...d6 3 d4 cxd4 4 Nxd4 Nf6 5 f3} (9... O-O 10. Be3 Qa5 11. Be2 Be6 12. b4 Qc7 13. Nb5 Qc8 14. Rc1 a5 15. a3 Nd7 16. O-O Nde5 17. Ncd4 axb4 18. axb4 Nxb4 19. Nxe6 fxe6 {1-0 (42) Yemelin,V (2571)-Korobov,A (2670) St Petersburg 2010}) 10. Qd2 {[%emt 0:00:19]} Nge5 11. Nd5 {[%emt 0:04:27]} Qd8 {[%emt 0:00:49]} 12. Be2 $146 {[%emt 0:08:09]} (12. b3 O-O 13. Bb2 f5 14. f4 Ng4 15. Bxg7 Kxg7 16. Bd3 e6 17. Nc3 {0-1 (43) Sipos,I (2248)-Szeberenyi,A (2385) Nyiregyhaza 2003}) 12... f5 {[%emt 0:00:57]} 13. f4 {[%emt 0:17:12]} Nf7 {[%emt 0:00:41]} 14. Bf3 {[%emt 0:04:35]} O-O {[%emt 0:04:41]} 15. O-O {[%emt 0:00:17]} fxe4 {[%emt 0:13:10]} 16. Bxe4 {[%emt 0:00:11]} e6 {[%emt 0:01:56]} 17. Nde3 {[%emt 0:01:15]} Qb6 {[%emt 0:21:40]} 18. Kh1 {[%emt 0:00:39]} a5 {[%emt 0:11:45]} 19. b3 {[%emt 0:01:54]} Nb4 {[%emt 0:09:23]} 20. a3 {[%emt 0:01:27]} Na6 {[%emt 0:05:16]} 21. b4 {[%emt 0:12:31]} axb4 {[%emt 0:00:26]} 22. axb4 {[%emt 0:00:25]} Nc5 {[%emt 0:02:44]} 23. Bf3 {[%emt 0:11:53]} Na4 {[%emt 0:00:24]} 24. Rb3 {[%emt 0:00:22]} Bd7 {[%emt 0:01:56]} 25. Rd3 {[%emt 0:08:31]} Bc6 {[%emt 0:00:30]} 26. Nd4 {[%emt 0:01:31]} Bxf3 {[%emt 0:06:27]} 27. Qd1 1/2-1/2

[Event "EIWCC 2017"]
[Site "Riga"]
[Date "2017.04.13"]
[Round "3"]
[White "Doluhanova, Evgeniya"]
[Black "Caglar, Sila"]
[Result "1-0"]
[WhiteElo "2287"]
[BlackElo "2093"]
[Annotator "NA"]
[PlyCount "83"]
[EventDate "2017.??.??"]
[EventType "swiss"]
[EventCountry "LAT"]
[SourceTitle "playchess.com"]
[Source "ChessBase"]
[SourceQuality "1"]
[TimeControl "40/5400+30:1800+30"]

1. e4 {[%emt 0:00:00]} c5 {[%emt 0:00:06]} 2. Nf3 {[%emt 0:00:00]} e6 {[%emt 0:00:10]} 3. d4 {[%emt 0:00:00]} cxd4 {[%emt 0:00:04]} 4. Nxd4 {[%emt 0:00:00]} Nc6 {[%emt 0:00:12]} 5. Nc3 {[%emt 0:00:00]} Qc7 {[%emt 0:00:07]} 6. Be3 {[%emt 0:01:01]} Nf6 {[%emt 0:00:52]} 7. a3 {[%emt 0:01:07]} Be7 {[%emt 0:02:08]} 8. Bd3 {[%emt 0:14:28]} a6 {[%emt 0:01:10]} 9. O-O {[%emt 0:01:37]} b5 {[%emt 0:01:28]} 10. Nb3 {[%emt 0:03:51]} O-O {[%emt 0:18:11]} 11. f4 {[%emt 0:02:18]} d6 {[%emt 0:00:56]} 12. Qf3 {[%emt 0:02:10]} Bb7 {[%emt 0:09:12]} 13. Qh3 {[%emt 0:01:20]} b4 {[%emt 0:20:02]} 14. Ne2 $11 {[%emt 0:20:57]} e5 {[%emt 0:07:14]} 15. Ng3 {[%emt 0:11:29]} bxa3 {[%emt 0:08:39]} 16. bxa3 {[%emt 0:02:07]} exf4 {[%emt 0:01:34]} 17. Rxf4 {[%emt 0:00:58]} Ne5 {[%emt 0:00:53]} 18. Raf1 {[%emt 0:14:45]} Ne8 {[%emt 0:06:45]} 19. Bd4 {[%emt 0:10:32]} Bg5 {[%emt 0:05:55]} 20. Rg4 {[%emt 0:01:48]} Bc8 {[%emt 0:06:13]} 21. Nf5 {[%emt 0:01:41]} Nxg4 {[%emt 0:00:47]} 22. Qxg4 {[%emt 0:00:06]} Bxf5 {[%emt 0:01:34]} 23. Rxf5 {[%emt 0:00:05]} Bh6 {[%emt 0:01:29]} 24. Rh5 {[%emt 0:01:53]} Qc8 {[%emt 0:00:38]} 25. Qf3 {[%emt 0:03:18]} f6 {[%emt 0:01:47]} 26. h3 {[%emt 0:03:55]} a5 {[%emt 0:00:34]} 27. a4 {[%emt 0:00:04]} Qd7 {[%emt 0:00:48]} 28. e5 {[%emt 0:00:48]} dxe5 {[%emt 0:01:54]} 29. Qxa8 {[%emt 0:00:13]} exd4 {[%emt 0:00:05]} 30. Qxa5 {[%emt 0:01:01]} Be3+ {[%emt 0:00:53]} 31. Kh1 {[%emt 0:00:07]} g6 {[%emt 0:00:08]} 32. Qd5+ {[%emt 0:00:26]} Rf7 {[%emt 0:01:31]} 33. Qxd7 {[%emt 0:01:19]} Rxd7 {[%emt 0:00:04]} 34. Rc5 {[%emt 0:00:08]} Kg7 {[%emt 0:00:56]} 35. a5 {[%emt 0:00:05]} Ra7 {[%emt 0:01:21]} 36. a6 {[%emt 0:00:23]} Nc7 {[%emt 0:00:27]} 37. Rc6 {[%emt 0:00:06]} Kf7 {[%emt 0:00:22]} 38. Rb6 {[%emt 0:00:40]} Bf4 {[%emt 0:01:27]} 39. Nxd4 {[%emt 0:00:58]} Na8 {[%emt 0:00:49]} 40. Bc4+ {[%emt 0:00:00]} Ke7 {[%emt 0:00:31]} 41. Re6+ {[%emt 0:02:12]} Kd7 {[%emt 0:01:49]} 42. Nb5 {[%emt 0:02:53]} 1-0

[Event "EIWCC 2017"]
[Site "Riga"]
[Date "2017.04.13"]
[Round "3"]
[White "Fataliyeva, Ulviyya"]
[Black "Atalik, Ekaterina"]
[Result "1/2-1/2"]
[WhiteElo "2287"]
[BlackElo "2429"]
[Annotator "TA"]
[PlyCount "96"]
[EventDate "2017.??.??"]
[EventType "swiss"]
[EventCountry "LAT"]
[SourceTitle "playchess.com"]
[Source "ChessBase"]
[SourceQuality "1"]
[TimeControl "40/5400+30:1800+30"]

1. e4 {[%emt 0:00:00]} e5 {[%emt 0:00:11]} 2. Nf3 {[%emt 0:00:00]} Nc6 {[%emt 0:00:06]} 3. d4 {[%emt 0:00:00]} exd4 {[%emt 0:00:17]} 4. Nxd4 {[%emt 0:00:00]} Bc5 {[%emt 0:00:58]} 5. Nxc6 {[%emt 0:00:00]} bxc6 {[%emt 0:00:21]} 6. Nc3 {[%emt 0:02:02]} Qf6 {[%emt 0:03:23]} 7. Qd2 {[%emt 0:00:34]} Bb4 {[%emt 0:01:23]} 8. a3 {[%emt 0:10:24]} Bxc3 {[%emt 0:00:23]} 9. bxc3 {[%emt 0:00:33]} d6 {[%emt 0:01:37]} 10. Bd3 {[%emt 0:04:14]} Ne7 {[%emt 0:01:01]} 11. O-O {[%emt 0:01:55]} O-O {[%emt 0:00:38]} 12. f4 {[%emt 0:07:46]} Ng6 {[%emt 0:01:02]} 13. Qe1 {[%emt 0:06:26]} Qe7 {[%emt 0:14:19]} 14. h4 {[%emt 0:16:04]} f5 {[%emt 0:09:18]} 15. h5 {[%emt 0:12:30]} Nh8 {[%emt 0:00:22]} 16. exf5 {[%emt 0:04:43]} Qxe1 {[%emt 0:00:07]} 17. Rxe1 {[%emt 0:00:03]} Bxf5 {[%emt 0:00:11]} 18. Re7 {[%emt 0:00:13]} Bxd3 {[%emt 0:05:42]} 19. cxd3 {[%emt 0:00:06]} Rf7 {[%emt 0:00:04]} 20. Rxf7 {[%emt 0:00:38]} Nxf7 {[%emt 0:00:47]} 21. Rb1 {[%emt 0:01:00]} Nd8 {[%emt 0:03:01]} 22. f5 {[%emt 0:01:45]} c5 {[%emt 0:01:34]} 23. Bg5 {[%emt 0:06:21]} Nc6 {[%emt 0:01:08]} 24. Rb7 {[%emt 0:03:30]} Rc8 {[%emt 0:00:40]} 25. Bh4 {[%emt 0:01:29]} Kf7 {[%emt 0:01:03]} 26. Kf2 {[%emt 0:01:55]} Ke8 {[%emt 0:03:04]} 27. Ke3 {[%emt 0:08:08]} Kd7 {[%emt 0:00:32]} 28. Rb1 {[%emt 0:00:35]} Re8+ {[%emt 0:01:56]} 29. Kd2 {[%emt 0:00:16]} Ne5 {[%emt 0:07:21]} 30. Re1 {[%emt 0:09:21]} c4 {[%emt 0:07:23]} 31. dxc4 {[%emt 0:02:01]} Nxc4+ {[%emt 0:01:13]} 32. Kd3 {[%emt 0:00:19]} Ne5+ {[%emt 0:00:58]} 33. Kc2 {[%emt 0:00:17]} Rf8 {[%emt 0:01:58]} 34. Rf1 {[%emt 0:00:36]} c5 {[%emt 0:08:09]} 35. Bg5 {[%emt 0:01:02]} h6 {[%emt 0:02:36]} 36. Bh4 {[%emt 0:00:30]} c4 {[%emt 0:01:43]} 37. f6 {[%emt 0:00:33]} g5 {[%emt 0:10:20]} 38. hxg6 {[%emt 0:00:26]} Nxg6 {[%emt 0:00:05]} 39. Bg3 {[%emt 0:00:25]} Ke6 {[%emt 0:01:32]} 40. Rh1 {[%emt 0:00:00]} Rxf6 {[%emt 0:04:21]} 41. Rxh6 {[%emt 0:02:49]} Kf5 {[%emt 0:02:52]} 42. Bf2 {[%emt 0:02:55]} a6 {[%emt 0:00:19]} 43. Kd2 {[%emt 0:07:55]} Re6 {[%emt 0:01:15]} 44. Be3 {[%emt 0:04:29]} Re4 {[%emt 0:01:26]} 45. Rh5+ {[%emt 0:05:48]} Ke6 {[%emt 0:01:11]} 46. Rh6 {[%emt 0:02:10]} Kf5 {[%emt 0:05:26]} 47. Rh5+ {[%emt 0:00:22]} Ke6 {[%emt 0:00:31]} 48. Rh6 {[%emt 0:00:05]} Kf5 {[%emt 0:10:29]} 1/2-1/2

[Event "EIWCC 2017"]
[Site "Riga"]
[Date "2017.04.13"]
[Round "3"]
[White "Travkina, Anastasia"]
[Black "Hapala, Elisabeth"]
[Result "1-0"]
[WhiteElo "2287"]
[BlackElo "2091"]
[Annotator "NA"]
[PlyCount "97"]
[EventDate "2017.??.??"]
[EventType "swiss"]
[EventCountry "LAT"]
[SourceTitle "playchess.com"]
[Source "ChessBase"]
[SourceQuality "1"]
[TimeControl "40/5400+30:1800+30"]

1. e4 {[%emt 0:00:00]} c5 {[%emt 0:00:06]} 2. Nf3 {[%emt 0:00:00]} e6 {[%emt 0:00:04]} 3. d4 {[%emt 0:00:00]} cxd4 {[%emt 0:00:04]} 4. Nxd4 {[%emt 0:00:00]} Nc6 {[%emt 0:00:04]} 5. Nc3 {[%emt 0:00:02]} Qc7 {[%emt 0:00:05]} 6. Be3 {[%emt 0:00:10]} a6 {[%emt 0:00:05]} 7. Qd2 {[%emt 0:00:07]} Nf6 {[%emt 0:00:18]} 8. f4 Bb4 {[%emt 0:03:51]} 9. Bd3 {[%emt 0:00:18]} d5 {[%emt 0:02:13]} 10. e5 {[%emt 0:00:11]} Ne4 {[%emt 0:00:47]} 11. Bxe4 {[%emt 0:00:07]} dxe4 {[%emt 0:00:04]} 12. a3 Nxd4 13. axb4 {[%emt 0:16:50]} Nf5 {[%emt 0:37:05]} 14. Nxe4 {[%emt 0:04:51]} O-O {[%emt 0:01:59]} 15. O-O {[%emt 0:49:01]} Rd8 {[%emt 0:07:06]} 16. Nd6 b5 {[%emt 0:19:49]} 17. Bc5 {[%emt 0:05:13]} Bb7 {[%emt 0:00:26]} 18. Qf2 {[%emt 0:01:39]} Nxd6 {[%emt 0:21:26]} 19. exd6 {[%emt 0:00:11]} Qc6 {[%emt 0:00:37]} 20. Ra3 {[%emt 0:00:14]} Qe4 {[%emt 0:01:49]} 21. Re3 {[%emt 0:02:22]} Qf5 {[%emt 0:02:00]} 22. Re5 {[%emt 0:01:01]} Qf6 {[%emt 0:00:02]} 23. Rg5 Qh6 {[%emt 0:01:25]} 24. Rg3 {[%emt 0:10:29]} Rd7 {[%emt 0:00:24]} 25. f5 {[%emt 0:01:37]} exf5 {[%emt 0:00:18]} 26. Qxf5 {[%emt 0:00:11]} Qe6 {[%emt 0:00:37]} 27. Qg5 {[%emt 0:02:32]} Qg6 {[%emt 0:00:05]} 28. Qe5 {[%emt 0:01:20]} f6 {[%emt 0:01:08]} 29. Qe6+ {[%emt 0:03:54]} Qf7 {[%emt 0:00:05]} 30. Rxf6 {[%emt 0:00:21]} Qxe6 {[%emt 0:00:10]} 31. Rxe6 {[%emt 0:00:01]} Rf8 {[%emt 0:01:05]} 32. Re7 {[%emt 0:00:17]} Rxe7 {[%emt 0:00:40]} 33. dxe7 {[%emt 0:00:02]} Rc8 {[%emt 0:00:24]} 34. Rd3 {[%emt 0:00:47]} Re8 {[%emt 0:00:30]} 35. Rd8 {[%emt 0:02:05]} Kf7 {[%emt 0:00:05]} 36. Kf2 {[%emt 0:00:44]} Be4 {[%emt 0:00:27]} 37. c3 {[%emt 0:00:13]} h6 {[%emt 0:00:55]} 38. g3 {[%emt 0:00:07]} Bf5 {[%emt 0:00:29]} 39. Ke3 {[%emt 0:00:29]} Bg6 {[%emt 0:00:10]} 40. Kf4 {[%emt 0:00:00]} Ke6 {[%emt 0:00:50]} 41. Rd6+ {[%emt 0:02:06]} Kf7 {[%emt 0:00:08]} 42. Rxa6 {[%emt 0:00:37]} Bd3 {[%emt 0:02:01]} 43. Rd6 {[%emt 0:03:35]} Bc4 {[%emt 0:00:20]} 44. Rd8 {[%emt 0:00:37]} Bb3 {[%emt 0:01:58]} 45. Ke5 {[%emt 0:01:02]} Bc4 {[%emt 0:01:42]} 46. Kd4 {[%emt 0:00:14]} Bb3 {[%emt 0:00:52]} 47. Bd6 {[%emt 0:00:19]} Bd1 {[%emt 0:00:40]} 48. Kc5 {[%emt 0:00:31]} Be2 {[%emt 0:00:29]} 49. b3 {[%emt 0:00:22]} 1-0

[Event "EIWCC 2017"]
[Site "Riga"]
[Date "2017.04.13"]
[Round "3"]
[White "Fuchs, Judith"]
[Black "Gundogan, Sinem Cagla"]
[Result "1-0"]
[WhiteElo "2274"]
[BlackElo "1885"]
[Annotator "NA"]
[PlyCount "95"]
[EventDate "2017.??.??"]
[EventType "swiss"]
[EventCountry "LAT"]
[SourceTitle "playchess.com"]
[Source "ChessBase"]
[SourceQuality "1"]
[TimeControl "40/5400+30:1800+30"]

1. d4 {[%emt 0:00:00]} d5 {[%emt 0:00:07]} 2. Bf4 {[%emt 0:00:00]} Nf6 {[%emt 0:00:21]} 3. e3 {[%emt 0:00:00]} c6 {[%emt 0:01:19]} 4. c4 {[%emt 0:00:14]} e6 {[%emt 0:01:21]} 5. Nc3 {[%emt 0:00:14]} Nbd7 {[%emt 0:03:49]} 6. h3 {[%emt 0:00:32]} Be7 {[%emt 0:00:52]} 7. Nf3 {[%emt 0:00:15]} O-O {[%emt 0:01:12]} 8. Qc2 {[%emt 0:00:15]} h6 {[%emt 0:04:31]} 9. Bd3 {[%emt 0:02:46]} dxc4 {[%emt 0:00:08]} 10. Bxc4 {[%emt 0:00:05]} b5 {[%emt 0:00:06]} 11. Be2 {[%emt 0:01:28]} Bb7 {[%emt 0:00:08]} 12. O-O {[%emt 0:01:45]} a6 {[%emt 0:00:22]} 13. Rfd1 {[%emt 0:01:23]} Qb6 {[%emt 0:07:54]} 14. a4 {[%emt 0:20:59]} Rac8 {[%emt 0:04:44]} 15. Qb3 {[%emt 0:06:49]} b4 {[%emt 0:06:42]} 16. a5 {[%emt 0:03:11]} Qa7 $11 {[%emt 0:00:07]} 17. Na4 {[%emt 0:02:38]} Nd5 {[%emt 0:05:42]} 18. Bh2 {[%emt 0:04:41]} c5 {[%emt 0:03:13]} 19. Ne5 {[%emt 0:04:29]} N7f6 {[%emt 0:19:57]} 20. dxc5 {[%emt 0:06:39]} Bxc5 {[%emt 0:00:10]} 21. Nxc5 {[%emt 0:00:09]} Qxc5 {[%emt 0:01:23]} 22. Nc4 {[%emt 0:02:39]} Rfd8 {[%emt 0:02:13]} 23. Be5 {[%emt 0:04:55]} Qe7 {[%emt 0:01:54]} 24. Bf3 {[%emt 0:07:27]} Nd7 {[%emt 0:06:30]} 25. Bd6 {[%emt 0:03:18]} Nc5 {[%emt 0:00:25]} 26. Bxe7 {[%emt 0:03:28]} Nxb3 {[%emt 0:00:07]} 27. Bxd8 {[%emt 0:00:40]} Nxa1 {[%emt 0:00:06]} 28. Nd6 {[%emt 0:01:38]} Rxd8 {[%emt 0:01:50]} 29. Nxb7 {[%emt 0:00:08]} Rb8 {[%emt 0:05:16]} 30. e4 {[%emt 0:11:09]} Nf4 {[%emt 0:02:53]} 31. Nc5 {[%emt 0:05:06]} Rb5 {[%emt 0:01:00]} 32. Nxa6 {[%emt 0:00:39]} Nb3 {[%emt 0:01:35]} 33. h4 {[%emt 0:01:04]} Nxa5 {[%emt 0:01:44]} 34. g3 {[%emt 0:00:35]} Rb6 {[%emt 0:02:54]} 35. Rd8+ {[%emt 0:01:30]} Kh7 {[%emt 0:00:09]} 36. Nc5 {[%emt 0:01:08]} Nc6 {[%emt 0:08:07]} 37. Rc8 {[%emt 0:02:17]} Ng6 {[%emt 0:01:11]} 38. Nd7 {[%emt 0:00:47]} Ra6 {[%emt 0:00:39]} 39. h5 {[%emt 0:00:22]} Nge7 {[%emt 0:03:04]} 40. Nf8+ {[%emt 0:00:00]} Kg8 {[%emt 0:00:35]} 41. Re8 {[%emt 0:01:01]} g5 {[%emt 0:03:11]} 42. Ng6+ {[%emt 0:03:45]} Kg7 {[%emt 0:00:36]} 43. Nxe7 {[%emt 0:00:23]} Nxe7 {[%emt 0:00:07]} 44. Rxe7 {[%emt 0:00:04]} Ra1+ {[%emt 0:00:14]} 45. Kg2 {[%emt 0:00:26]} Rb1 {[%emt 0:00:06]} 46. e5 {[%emt 0:01:18]} Rxb2 {[%emt 0:00:06]} 47. Rb7 {[%emt 0:00:10]} b3 {[%emt 0:01:46]} 48. Bd1 {[%emt 0:00:55]} 1-0

[Event "EIWCC 2017"]
[Site "Riga"]
[Date "2017.04.13"]
[Round "3"]
[White "Ozturk, Kubra"]
[Black "Hoang, Thanh Trang"]
[Result "0-1"]
[WhiteElo "2261"]
[BlackElo "2459"]
[Annotator "TA"]
[PlyCount "60"]
[EventDate "2017.??.??"]
[EventType "swiss"]
[EventCountry "LAT"]
[SourceTitle "playchess.com"]
[Source "ChessBase"]
[SourceQuality "1"]

{[%evp 18,60,0,-10,-9,-16,-9,-22,-7,-11,-14,-16,-18,0,-5,-62,-79,-223,-233,-397,-372,-390,-385,-429,-440,-441,-418,-430,-406,-431,-424,-445,-452,-459,-456,-747,-743,-802,-804,-785,-764,-773,-726,-812,-784]} 1. d4 e6 2. c4 f5 3. Nc3 Nf6 4. e3 b6 5. Bd3 Bb7 6. f3 c5 7. d5 {A85: Dutch Defence: 2 c4 Nf6 3 Nc3} (7. Nge2 Nc6 8. O-O Bd6 9. d5 Ne5 10. e4 fxe4 11. Nxe4 Nxe4 12. Bxe4 Qc7 13. Nc3 Nxc4 14. f4 O-O-O {1-0 (48) Laznicka,V (2679)-Vallejo Pons,F (2698) Dubai 2014}) 7... exd5 8. cxd5 Nxd5 9. Nxd5 Bxd5 10. Bxf5 {LiveBook: 4 Games} Bf7 (10... Qh4+ $6 11. g3 Qc4 12. Bd3 Qb4+ 13. Kf2 $16) 11. Qa4 $146 {[#] Hoping for Qe4+.} (11. Bd2 Bd6 12. Bc3 Qh4+ 13. Kf1 Bc4+ 14. Ne2 Qe7 {1-0 (40) Flear,G (2428)-Lyell,M (2203) Hastings 2016}) 11... Nc6 12. Bd2 b5 13. Qxb5 Rb8 14. Qa4 Rxb2 {...Qf6 is the strong threat.} 15. Ne2 Qf6 $36 {[%mdl 2048] Black has the initiative.} 16. Qe4+ (16. Rb1 $1 $11) 16... Be7 $15 17. Nc3 (17. Rc1 $17 d5 18. Qf4 Rxa2 19. Bb1 Qxf4 20. Nxf4) 17... Nb4 $19 18. Rb1 $2 (18. Qf4 {is a better defense.} Be6 19. Qb8+ Bd8 20. Ne4 Nc2+ 21. Ke2 Rxb8 22. Nxf6+ Bxf6 23. Bxc2) 18... d5 19. Qg4 h5 20. Bd7+ {[#]} Kd8 $1 ({Less strong is} 20... Kf8 21. Qf5 d4 22. Qxf6 Bxf6 23. exd4 Rxb1+ 24. Nxb1 $17) 21. Qf5 Rxb1+ 22. Nxb1 Bg6 23. Qh3 {intending 0-0.} Qh4+ {Black is clearly winning.} ({Don't play} 23... Bxb1 24. O-O Bxa2 25. Ba4 $19) 24. g3 Qxh3 25. Bxh3 Bxb1 26. Bxb4 (26. Bc3 $142) 26... cxb4 27. Kd2 Bxa2 28. Rc1 Bc4 29. e4 Bf6 30. exd5 Bc3+ ({Not} 30... Bxd5 31. Rc8+ Ke7 32. Rxh8 $17) 0-1

[Event "EIWCC 2017"]
[Site "Riga"]
[Date "2017.04.13"]
[Round "3"]
[White "Calzetta Ruiz, Monica"]
[Black "Bodnaruk, Anastasia"]
[Result "1-0"]
[WhiteElo "2257"]
[BlackElo "2446"]
[Annotator "TA"]
[PlyCount "83"]
[EventDate "2017.??.??"]
[EventType "swiss"]
[EventCountry "LAT"]
[SourceTitle "playchess.com"]
[Source "ChessBase"]
[SourceQuality "1"]

{[%evp 14,83,9,9,26,21,33,35,26,32,36,34,54,60,46,44,47,51,73,87,113,113,113,113,113,113,97,99,113,113,113,113,113,113,113,113,148,148,144,116,148,130,156,154,158,152,172,160,231,239,227,220,240,243,239,245,409,380,427,414,404,397,690,664,847,835,2662,2414,2388,1616,2392,2183]} 1. e4 c5 2. Nf3 d6 3. d4 cxd4 4. Qxd4 a6 5. Be3 Nc6 6. Qd2 Nf6 7. Nc3 e6 8. O-O-O Be7 {B53: Sicilian: 2...d6: Lines with Qxd4} 9. Bf4 {[%cal Rf4d6]} Ng4 10. h3 Nge5 {White is slightly better.} 11. Nxe5 dxe5 (11... Nxe5 12. Be3 b5 13. f4 Nc6 14. h4 Qa5 15. Kb1 Bb7 16. Qf2 {1-0 (37) Hou,Y (2635)-Mammadzada,G (2371) Novi Sad 2016}) 12. Qxd8+ Bxd8 13. Be3 $36 {[%mdl 2048] White fights for an advantage.} b5 14. a4 b4 15. Nb1 Rb8 $146 (15... Bb7 16. Nd2 Na5 {1-0 (24) Roy Chowdhury,S (2413)-Venkat,S (2216) New Delhi 2010}) 16. Nd2 $1 Bb6 {[#]} 17. Bxb6 $1 Rxb6 18. Nc4 Rb8 19. Nd6+ Ke7 20. Nxc8+ Rhxc8 21. Bxa6 Rc7 {[#]} 22. b3 $1 Ra8 23. Bd3 Nd4 24. Kb2 Rc3 25. Rd2 Kd6 26. Re1 Rc7 27. Bc4 Kc5 28. Re3 Raa7 29. h4 {[%cal Bh3h4,Bh4h5][%mdl 32]} Rd7 30. h5 Nc6 (30... g5 $16 31. hxg6 hxg6) 31. Rxd7 $18 Rxd7 {[%mdl 4096] Endgame KRB-KRN} 32. Bb5 Rd2 33. Bxc6 Kxc6 {KR-KR} 34. Rf3 f6 $2 {[#]} (34... Rd7 35. c3 Kc5) 35. h6 $1 {[%mdl 512]} gxh6 36. Rxf6 Kd6 37. g4 ({Don't play} 37. Rxh6 Rxf2 38. Rxh7 Kc6 $18) 37... Ke7 $2 (37... Re2 38. f3 Rf2) 38. Rxh6 {White is clearly winning.} Rxf2 39. Rxh7+ Kf6 40. Rb7 Kg5 41. Rxb4 Rf7 42. Rc4 1-0